000 00206nam a2200097Ia 4500
008 190216s9999||||xx |||||||||||||| ||und||
100 _aKotpal R L
245 0 _aZoology Phylam
260 _bNull
942 _cBK
999 _c37413
_d37413